<?xml version="1.0" encoding="UTF-8"?>
<record
    xmlns:xsi="http://www.w3.org/2001/XMLSchema-instance"
    xsi:schemaLocation="http://www.loc.gov/MARC21/slim http://www.loc.gov/standards/marcxml/schema/MARC21slim.xsd"
    xmlns="http://www.loc.gov/MARC21/slim">

  <leader>00592nam a2200193Ia 4500</leader>
  <datafield tag="999" ind1=" " ind2=" ">
    <subfield code="c">45516</subfield>
    <subfield code="d">45516</subfield>
  </datafield>
  <controlfield tag="001">12341</controlfield>
  <controlfield tag="003">GE_BSU</controlfield>
  <controlfield tag="005">20240710152327.0</controlfield>
  <controlfield tag="008">181216s2013||||gr |||||||||||||| ||eng||</controlfield>
  <datafield tag="020" ind1=" " ind2=" ">
    <subfield code="a">9789609677011</subfield>
  </datafield>
  <datafield tag="040" ind1=" " ind2=" ">
    <subfield code="c">GE_BSU</subfield>
  </datafield>
  <datafield tag="041" ind1=" " ind2=" ">
    <subfield code="a">end</subfield>
  </datafield>
  <datafield tag="080" ind1=" " ind2=" ">
    <subfield code="a">627(063) M-46</subfield>
  </datafield>
  <datafield tag="245" ind1=" " ind2=" ">
    <subfield code="a"> Medieval Ports and North Aegean and the Black Sea : </subfield>
    <subfield code="b">Links to the Maritime Routes of the East /</subfield>
    <subfield code="c">Editor : Flora Karagianni.</subfield>
  </datafield>
  <datafield tag="264" ind1=" " ind2=" ">
    <subfield code="a">Thessalonike :</subfield>
    <subfield code="b">[?],</subfield>
    <subfield code="c">2013.</subfield>
  </datafield>
  <datafield tag="300" ind1=" " ind2=" ">
    <subfield code="a">503 c. ;</subfield>
    <subfield code="b">ill. </subfield>
    <subfield code="e">Maps.</subfield>
  </datafield>
  <datafield tag="653" ind1=" " ind2=" ">
    <subfield code="a">Medieval Ports in North Aegean and the Black Sea </subfield>
  </datafield>
  <datafield tag="942" ind1=" " ind2=" ">
    <subfield code="c">BK</subfield>
    <subfield code="2">udc</subfield>
  </datafield>
  <datafield tag="952" ind1=" " ind2=" ">
    <subfield code="0">0</subfield>
    <subfield code="1">0</subfield>
    <subfield code="2">udc</subfield>
    <subfield code="4">0</subfield>
    <subfield code="6">627063_M46</subfield>
    <subfield code="7">0</subfield>
    <subfield code="9">59554</subfield>
    <subfield code="a">CPL</subfield>
    <subfield code="b">CPL</subfield>
    <subfield code="c">GEN</subfield>
    <subfield code="d">2018-12-17</subfield>
    <subfield code="o">627(063) M-46</subfield>
    <subfield code="p">27110</subfield>
    <subfield code="r">2018-12-17</subfield>
    <subfield code="t">27110</subfield>
    <subfield code="w">2018-12-17</subfield>
    <subfield code="y">BK</subfield>
  </datafield>
</record>
